Rusca Kelimeler - Statistics

General Stats
  • This quiz has been taken 11 times
  • The average score is 7 of 21
Answer Stats
Rusca Türkçe % Correct
Аптека Eczane
70%
Друг Arkadaş
60%
Флаг Bayrak
60%
Снег Kar
60%
Арбуз Karpuz
50%
Дракон Ejderha
40%
Яблоко Elma
40%
Облако Bulut
30%
Мороженое Dondurma
30%
Хлеб Ekmek
30%
Солнце Güneş
30%
Кот Kedi
30%
Лёд Buz
20%
Мечеть Cami
20%
Стена Duvar
20%
Дождь Yağmur
20%
Весна Bahar
10%
Радуга Gökkuşağı
10%
Бабочка Kelebek
10%
Лиса Tilki
10%
Мяч Top
10%
No matching quizzes found
Score Distribution
Percent of People with Each Score
Percentile by Number Answered
Your Score History
You have not taken this quiz